Sanat - "Kirkossa" - Statistics

Yleistilastot
  • Tätä visaa on pelattu 78 kertaa
  • Keskiarvotulos 78 / 99
Vastaustilastot
Vastaus % Oikein
ja
96%
ja
96%
ja
96%
ja
96%
ja
96%
kirkkoon
95%
lapsi
95%
lapsi
95%
mies
95%
oli
95%
oli
95%
oli
95%
Oli
95%
oli
95%
Tuli
95%
he
93%
he
93%
istui
93%
istuivat
93%
eteeni
91%
Minä
91%
minä
91%
minä
91%
isä
89%
isä
89%
isä
89%
isä
89%
minua
89%
minua
89%
väsyttää
89%
väsyttää
89%
jo
88%
jo
88%
kotiin
88%
kotiin
88%
tahtoisin
88%
tahtoisin
88%
kiharat
86%
kosteat
86%
tie
86%
pitkä
84%
asti
82%
hiljaa
82%
hiljaa
82%
jäin
82%
loppuun
82%
pienelle
82%
saarna
82%
kai
79%
kesken
79%
lähtivät
79%
paljon
79%
paljon
79%
saarnan
79%
ulkona
79%
ei
77%
kauan
77%
kauniit
77%
kesti
77%
kirkossa
77%
kovin
77%
kynttilät
77%
miettien
77%
nähtävää
77%
tuo
77%
alttaritaulut
75%
kyselemistä
75%
pikkupää
75%
ollut
73%
pyyntö
73%
soi
71%
hetkeä
70%
hiljainen
70%
isän
70%
kiitosvirsi
70%
monta
70%
monihaaraiset
68%
nous
68%
sama
68%
syvältä
66%
arka
64%
hymyilivät
64%
itsestäin
64%
kaksi
64%
puhuivat
64%
hihaa
63%
hyväillen
61%
nuo
61%
joskus
59%
sormin
59%
pienin
57%
vehreää
57%
kasvot
55%
hän
54%
nostaa
52%
pehmein
52%
pienet
52%
huuli
50%
värähtää
50%
Ehtoja vastaavia visoja ei löytynyt
Tulosjakauma
Jokaisen tuloksen saaneiden osuus
Persentiili vastausten määrän mukaan
Tuloshistoriasi
Et ole pelannut tätä visaa